[Event "EU-ch qual Online"]
[Site "Tornelo INT"]
[Date "2020.12.18"]
[Round "6"]
[White "Antonov, Alexandr"]
[Black "Balajayeva, Khanim Asad Qizi"]
[Result "0-1"]
[WhiteElo "2309"]
[BlackElo "2376"]
[PlyCount "122"]
[EventDate "2020.12.18"]
[EventType "swiss"]
[EventRounds "11"]
[EventCountry "POL"]
[SourceTitle "CBM 199 Extra"]
[Source "ChessBase"]
[SourceDate "2021.01.31"]
[SourceVersion "1"]
[SourceVersionDate "2021.01.31"]
[SourceQuality "1"]

1. c4 Nf6 2. g3 e6 3. Nc3 d5 4. cxd5 exd5 5. d3 Be7 6. Bg2 0-0 7. e3 c6 8. Nge2 h6 9. 0-0 Bf5 10. e4 dxe4 11. dxe4 Bh7 12. Be3 Nbd7 13. h3 Nc5 14. e5 Nfd7 15. f4 Nd3 16. Qd2 Bc5 17. Be4 Bxe3+ 18. Qxe3 Nxb2 19. Bxh7+ Kxh7 20. Qe4+ Kg8 21. Rab1 Nc5 22. Qc2 Nbd3 23. Rfd1 Qd7 24. Kh2 Rad8 25. Ng1 Qd4 26. Nf3 Qe3 27. Qe2 Qxe2+ 28. Nxe2 Nf2 29. Rf1 Nfe4 30. Rbd1 Na4 31. Ned4 c5 32. Nf5 Nec3 33. Rxd8 Rxd8 34. Nd6 b5 35. Rf2 a6 36. Nh4 Nb6 37. Nhf5 b4 38. Ne7+ Kf8 39. Nc6 Ra8 40. f5 Nc8 41. Nc4 Ne7 42. N6a5 Ned5 43. Nd6 Nb5 44. Nab7 Nxd6 45. exd6 c4 46. d7 Ke7 47. d8Q+ Rxd8 48. Nxd8 c3 49. Nc6+ Kd6 50. Nxb4 Nxb4 51. Rf4 Kc5 52. a3 Nd5 53. Rf1 Kc4 54. Kg1 c2 55. Kf2 Nc3 56. Ke3 Na2 57. Kd2 c1Q+ 58. Rxc1+ Nxc1 59. Kxc1 Kb3 60. g4 Kxa3 61. h4 f6 0-1

[Event "EU-ch qual Online"]
[Site "Tornelo INT"]
[Date "2020.12.18"]
[Round "8"]
[White "Antonov, Alexandr"]
[Black "Koksal, Ege"]
[Result "1/2-1/2"]
[WhiteElo "2309"]
[BlackElo "2353"]
[PlyCount "85"]
[EventDate "2020.12.18"]
[EventType "swiss"]
[EventRounds "11"]
[EventCountry "POL"]
[SourceTitle "CBM 199 Extra"]
[Source "ChessBase"]
[SourceDate "2021.01.31"]
[SourceVersion "1"]
[SourceVersionDate "2021.01.31"]
[SourceQuality "1"]

1. c4 Nf6 2. Nc3 c5 3. e4 d6 4. g3 g6 5. Bg2 Bg7 6. Nge2 0-0 7. f4 Nc6 8. d3 Bg4 9. 0-0 Nd7 10. h3 Bxe2 11. Nxe2 Rb8 12. Rb1 b5 13. b3 bxc4 14. dxc4 Nd4 15. Be3 Nxe2+ 16. Qxe2 a5 17. Rfd1 Qc7 18. g4 Rb4 19. f5 Ne5 20. Bd2 Rbb8 21. Bc3 Nc6 22. Bxg7 Kxg7 23. g5 Nd4 24. Qf2 f6 25. h4 e6 26. fxg6 hxg6 27. Qe3 Qe7 28. Rf1 fxg5 29. hxg5 e5 30. Rb2 Rxf1+ 31. Bxf1 Rf8 32. Rf2 Rf4 33. Qg3 Qf7 34. Rxf4 exf4 35. Qh3 f3 36. Kf2 Kg8 37. Qc8+ Kg7 38. Bh3 Qe7 39. Qg4 Qb7 40. Qf4 Qe7 41. Qg4 Qb7 42. Qf4 Qe7 43. Qg4 1/2-1/2

[Event "EU-ch qual Online"]
[Site "Tornelo INT"]
[Date "2020.12.18"]
[Round "1"]
[White "Firat, Burak"]
[Black "Antonov, Alexandr"]
[Result "1-0"]
[WhiteElo "2474"]
[BlackElo "2309"]
[PlyCount "99"]
[EventDate "2020.12.18"]
[EventType "swiss"]
[EventRounds "11"]
[EventCountry "POL"]
[SourceTitle "CBM 199 Extra"]
[Source "ChessBase"]
[SourceDate "2021.01.31"]
[SourceVersion "1"]
[SourceVersionDate "2021.01.31"]
[SourceQuality "1"]

1. d4 d5 2. Nf3 Nf6 3. c4 e6 4. g3 dxc4 5. Bg2 Bb4+ 6. Bd2 a5 7. 0-0 0-0 8. Qc2 b6 9. Bg5 Bb7 10. Qxc4 Nbd7 11. a3 Be7 12. Nc3 Rc8 13. Rfd1 Nd5 14. Bxe7 Qxe7 15. Nxd5 Bxd5 16. Qd3 f5 17. Rac1 Nf6 18. Ne5 Bxg2 19. Kxg2 Nd5 20. Nc6 Qd6 21. e3 g5 22. Qe2 f4 23. Qg4 Kh8 24. e4 f3+ 25. Kg1 Nf6 26. Qxf3 g4 27. Qe3 Qd7 28. Ne5 Qg7 29. Rc6 Rce8 30. Rdc1 Re7 31. b4 axb4 32. axb4 Nd7 33. Nxd7 Rxd7 34. e5 Qf7 35. R1c2 Ra8 36. Kg2 Ra1 37. d5 Qh5 38. h4 gxh3+ 39. Kh2 Qd1 40. Rc1 Rxc1 41. Rxc1 Qxd5 42. Kxh3 Rg7 43. Qf4 Qd8 44. b5 Qg8 45. Rc6 h5 46. Qh6+ Rh7 47. Qf6+ Rg7 48. Rxc7 Kh7 49. Rxg7+ Qxg7 50. Qxe6 1-0

[Event "Moscow op-B"]
[Site "Moscow"]
[Date "2009.02.01"]
[Round "3"]
[White "Pristalov, Evgeny"]
[Black "Antonov, Alexandr"]
[Result "1-0"]
[WhiteElo "1905"]
[BlackElo "2121"]
[PlyCount "67"]
[EventDate "2009.01.31"]
[EventType "swiss"]
[EventRounds "9"]
[EventCountry "RUS"]
[SourceTitle "EXT 2012"]
[Source "ChessBase"]
[SourceDate "2011.11.24"]
[SourceVersion "1"]
[SourceVersionDate "2011.11.24"]
[SourceQuality "1"]

1. e4 c5 2. Nf3 d6 3. c3 Nf6 4. Be2 Bd7 5. d3 Nc6 6. 0-0 e6 7. h3 Be7 8. Be3 0-0 9. Nbd2 d5 10. e5 Ne8 11. d4 cxd4 12. cxd4 f6 13. Nb3 fxe5 14. dxe5 Rc8 15. Nbd4 Nxd4 16. Nxd4 Bc5 17. Bg4 Qb6 18. Rc1 Nc7 19. Rxc5 Qxc5 20. Nxe6 Qc4 21. Nxf8 Bxg4 22. Qxg4 Qxg4 23. hxg4 Rxf8 24. Bxa7 Ra8 25. Bb6 Ne6 26. a3 Ra6 27. Be3 d4 28. Bd2 Rb6 29. Bb4 Rc6 30. f4 Rc2 31. f5 Nc7 32. Rd1 Nb5 33. Rd2 Rxd2 34. Bxd2 1-0

[Event "Moscow op-B 04th"]
[Site "Moscow"]
[Date "2008.02.02"]
[Round "1"]
[White "Antonov, Alexandr"]
[Black "Svinarenko, Pavel"]
[Result "0-1"]
[WhiteElo "2309"]
[BlackElo "2141"]
[PlyCount "86"]
[EventDate "2008.02.02"]
[EventType "swiss"]
[EventRounds "9"]
[EventCountry "RUS"]
[SourceTitle "CBM 122 Extra"]
[Source "ChessBase"]
[SourceDate "2008.03.04"]
[SourceVersion "1"]
[SourceVersionDate "2008.03.04"]
[SourceQuality "1"]

1. e4 c6 2. d4 d5 3. e5 c5 4. c3 Nc6 5. Be2 Bf5 6. Nf3 e6 7. 0-0 Qb6 8. b3 cxd4 9. cxd4 Bg4 10. Bb2 Nge7 11. Nbd2 Bh5 12. h3 Bg6 13. Nb1 Nf5 14. Qd2 Be7 15. Rd1 0-0 16. Qf4 Rfc8 17. Nc3 Qd8 18. Bf1 Nb4 19. Rac1 Nh4 20. Nxh4 Bxh4 21. Qd2 Bh5 22. g4 Bg6 23. a3 Nc6 24. Na4 Na5 25. Rc3 Bg5 26. f4 Rxc3 27. Bxc3 Nxb3 28. Qb2 Bxf4 29. Qxb3 Be3+ 30. Kh2 Bf4+ 31. Kh1 h5 32. Bd2 Bxd2 33. Rxd2 hxg4 34. Rh2 Qh4 35. Qe3 g3 36. Rb2 Be4+ 37. Kg1 b6 38. Bg2 Rc8 39. Bxe4 Qxe4 40. Qxe4 dxe4 41. Rb3 Rc4 42. Rxg3 Rxa4 43. Re3 Rxd4 0-1